00513 2200205 4500001002100000005001500021035002000036007000300056008004100059020002200100082001000122084001600132100001900148245002400167260003700191300002700228650001500255700001700270990002000287INLIS00000000000298220260511084132 a0010-0526000073ta260511 f 0 ind  a978-623-8423-21-7 a658.1 a658.1 SAM p1 aSamsudin, Acep1 aPerilaku Organisasi aBandung :bRefika Aditama,c2024 ax + 142 hlm. ;c25 cm. 4aOrganisasi0 aBudi Prabowo a20260512.05.005